=LDR 00000nam 2200000 4500 =001 INLIS000000000046276 =005 20150306092601.0 =006 =007 =008 =020 ##$$a 978-602-8815-69-7 =035 ##$$0010-031500000000048 =040 ##$$a NBPDMAT =082 ##$$a 347.190 4 =090 ##$$a 347.190 4 $b Pen p =100 ##$$a Suherman Toha =245 ##$$a Penelitian Hukum Ttentang Perbandingan Tujuan dan Pola Keja Yayasan di Beberapa Negara dan Kemuingkinan Penerapannya di Indonesia $c oleh, Suherman Toha, S.H., M.H., APU ; Editor, Nandi Widyani, S.H., M.H [et al]] =260 ##$$a Jakarta $b Badan Pembinaan Hukum Nasiomal $c 2013 =300 ##$$a viii, 139 hlm.; $c 21 cm =500 ##$$a Bibliografi : hlm. 135-138 =700 ##$$a 1. Suherman Toha, S.H., M.H., APU. 2. Nandi Widyani, S.H., M.H. dkk =990 ##$$a 0001/BPAP-NTB/20142015